|
|
|
|
| LEADER |
00000nam0a2200000 4500 |
| 001 |
358173 |
| 005 |
20231102011051.0 |
| 035 |
|
|
|a (RuTPU)RU\TPU\retro\15441
|
| 090 |
|
|
|a 358173
|
| 100 |
|
|
|a 20200813d1973 km y0rusy50 ca
|
| 101 |
0 |
|
|a rus
|
| 102 |
|
|
|a KZ
|
| 105 |
|
|
|a a z 001zy
|
| 200 |
1 |
|
|a Расчет устойчивости горных выработок подверженных большим деформациям
|f Ж. С. Ержанов, А. С. Сагинов, Ю. А. Векслер
|g Академия наук Казахской ССР, Институт математики и механики
|
| 210 |
|
|
|a Алма-Ата
|c Наука
|d 1973
|
| 215 |
|
|
|a 176 с.
|c ил.
|
| 320 |
|
|
|a Библиогр.: с. 170-174
|
| 606 |
1 |
|
|a Горные выработки
|x Устойчивость
|2 stltpush
|3 (RuTPU)RU\TPU\subj\7783
|9 35330
|
| 610 |
1 |
|
|a деформации
|
| 610 |
1 |
|
|a расчеты
|
| 610 |
1 |
|
|a горные породы
|
| 610 |
1 |
|
|a ползучесть
|
| 610 |
1 |
|
|a смещение
|
| 610 |
1 |
|
|a разрыхление
|
| 610 |
1 |
|
|a разрушение
|
| 610 |
1 |
|
|a шахтное поле
|
| 610 |
1 |
|
|a подготовка
|
| 675 |
|
|
|a 622.833
|v 4
|
| 700 |
|
1 |
|a Ержанов
|b Ж. С.
|g Жакан Сулейленовис
|
| 701 |
|
1 |
|a Сагинов
|b А. С.
|g Абылкас Сагинович
|
| 701 |
|
1 |
|a Векслер
|b Ю. А.
|g Юлий Аьрамович
|
| 712 |
0 |
2 |
|a Академия наук Казахской ССР
|b Институт математики и механики
|c (Алма-Ата)
|c (1965-1992)
|2 stltpush
|3 (RuTPU)RU\TPU\col\15666
|9 26219
|
| 801 |
|
1 |
|a RU
|b 63413507
|c 20200813
|
| 801 |
|
2 |
|a RU
|b 63413507
|c 20210401
|g RCR
|
| 942 |
|
|
|c BK
|